书目信息 |
| 题名: |
辩证法的逻辑
|
|
| 作者: | 狄芝根 著 ;柯柏年 译 | |
| 分册: | ||
| 出版信息: | 上海 上海社会科学院出版社 2017 |
|
| 页数: | 200页 | |
| 开本: | 22cm | |
| 丛书名: | 民国西学要籍汉译文献 | |
| 单 册: | ||
| 中图分类: | B015 | |
| 科图分类: | ||
| 主题词: | 辩证法--研究 | |
| 电子资源: | ||
| ISBN: | 978-7-5520-1803-5 | |
| 000 | 01277oam2 2200337 450 | |
| 001 | 012001002707 | |
| 005 | 20140926114740.0 | |
| 010 | @a978-7-5520-1803-5@b精装@dCNY72.00 | |
| 100 | @a20170802e2017 em y0chiy50 ea | |
| 101 | 1 | @achi@cger |
| 102 | @aCN@b310000 | |
| 105 | @ay z 000yy | |
| 106 | @ar | |
| 200 | 1 | @a辩证法的逻辑@9bian zheng fa de luo ji@f(德)狄芝根(Josef Dietzgen)著@g柯柏年译 |
| 205 | @a[影印版] | |
| 210 | @a上海@c上海社会科学院出版社@d2017 | |
| 215 | @a200页@d22cm | |
| 225 | 1 | @a民国西学要籍汉译文献@i哲学@h第三辑@f李天纲主编@v2 |
| 300 | @a中国国家图书馆藏 | |
| 305 | @a中华民国三十六年二月初版 | |
| 312 | @a原名:《论逻辑书——特别地德莫克拉西的普罗列搭利亚的逻辑》 | |
| 330 | @a本书原著者狄芝根,是一位制革出身的哲学家。他的哲学著作已经成为辩证法的唯物哲学的古典名著。本书是一本辩证法研究书籍。 | |
| 461 | 0 | @12001 @a民国西学要籍汉译文献 |
| 462 | 0 | @12001 @a哲学 |
| 517 | 1 | @a论逻辑书——特别地德莫克拉西的普罗列搭利亚的逻辑@9lun luo ji shu——te bie di de mo ke la xi de pu luo lie da li ya de luo ji |
| 606 | 0 | @a辩证法@x研究 |
| 690 | @aB015@v5 | |
| 701 | 0 | @c(德)@a狄芝根@9di zhi gen@c(Dietzgen, Josef)@4著 |
| 702 | 0 | @a柯柏年@9ke bai nian@4译 |
| 801 | 0 | @aCN@b上海新华@c20180901 |
| 905 | @b1161352-6@dB015@e312@f5 | |
| 辩证法的逻辑/(德)狄芝根(Josef Dietzgen)著/柯柏年译.-[影印版].-上海:上海社会科学院出版社,2017 |
| 200页;22cm.-(民国西学要籍汉译文献.哲学.第三辑/李天纲主编;2) |
| 中国国家图书馆藏 |
| ISBN 978-7-5520-1803-5(精装):CNY72.00 |
| 本书原著者狄芝根,是一位制革出身的哲学家。他的哲学著作已经成为辩证法的唯物哲学的古典名著。本书是一本辩证法研究书籍。 |
| ● |
| 相关链接 |
|
|
|
|
正题名:辩证法的逻辑
索取号:B015/312
 
预约/预借
| 序号 | 登录号 | 条形码 | 馆藏地/架位号 | 状态 | 备注 |
| 1 | 1161352 | 211613529 | 第一样本阅览室/ [索取号:B015/312] | 在馆 | |
| 2 | 1161353 | 211613538 | 密集书库-文学院/ [索取号:B015/312] | 在馆 | |
| 3 | 1161354 | 211613547 | 第一借阅区/ [索取号:B015/312] | 在馆 | |
| 4 | 1161355 | 211613556 | 第一借阅区/ [索取号:B015/312] | 在馆 | |
| 5 | 1161356 | 211613565 | 第一借阅区/ [索取号:B015/312] | 在馆 |